Govt. of
Madhya Pradesh

Soul Of India (Record no. 13976)

MARC details
000 -LEADER
fixed length control field 003420000a22001570004500
001 - CONTROL NUMBER
control field 002060
003 - CONTROL NUMBER IDENTIFIER
control field MACL
040 ## - CATALOGING SOURCE
Original cataloging agency MACL
090 ## - LOCALLY ASSIGNED LC-TYPE CALL NUMBER (OCLC); LOCAL CALL NUMBER (RLIN)
-- 14053
-- 14052
100 ## - MAIN ENTRY--PERSONAL NAME
Personal name Pal, Bipin Chandra
245 ## - TITLE STATEMENT
Title Soul Of India
Statement of responsibility, etc. Bipin Chandra Pal
260 ## - PUBLICATION, DISTRIBUTION, ETC. (IMPRINT)
Place of publication, distribution, etc. Classics Publication,
Date of publication, distribution, etc. 2000
350 ## - PRICE (NR) (BK AM CF MU VM SE) [OBSOLETE]
Price 200
650 ## - SUBJECT ADDED ENTRY--TOPICAL TERM
Topical term or geographic name as entry element Philosophy
942 ## - ADDED ENTRY ELEMENTS (KOHA)
Call number prefix 128
Koha item type Library Membar
Holdings
Withdrawn status Lost status Source of classification or shelving scheme Damaged status Not for loan Home library Current library Date acquired Total Checkouts Full call number Barcode Date last seen Uniform Resource Identifier Price effective from Koha item type
          MACL MACL 15/04/2015   128.154 CRE015010 02/05/2024 13855 15/04/2015 Books